Normal view
MARC view
- Jedamus, Paul
Entry Personal Name
001 - CONTROL NUMBER
- control field: 110239
003 - CONTROL NUMBER IDENTIFIER
- control field: NUST
005 - DATE AND TIME OF LATEST TRANSACTION
- control field: 20230314105700.0
008 - FIXED-LENGTH DATA ELEMENTS
- fixed length control field: 230314|| aca||aabn | a|a d
040 ## - CATALOGING SOURCE
- Original cataloging agency: NUST
- Transcribing agency: NUST
100 ## - HEADING--PERSONAL NAME
- Personal name: Jedamus, Paul
670 ## - SOURCE DATA FOUND
- Source citation: Work cat.: (NUST): Jedamus, Paul, Statistical Analysis for Business Decisions /, 1976.
